Fatigue crack growth under spectrum loads : (Record no. 11848)
[ view plain ]
| 000 -LEADER | |
|---|---|
| fixed length control field | 01415cam a2200289 i 4500 |
| 001 - CONTROL NUMBER | |
| control field | 4581310 |
| 005 - DATE AND TIME OF LATEST TRANSACTION | |
| control field | 19900719102154.5 |
| 008 - FIXED-LENGTH DATA ELEMENTS--GENERAL INFORMATION | |
| fixed length control field | 760811s1976 paua b 100 0 eng |
| 010 ## - LIBRARY OF CONGRESS CONTROL NUMBER | |
| LC control number | 75032902 |
| 020 ## - INTERNATIONAL STANDARD BOOK NUMBER | |
| Terms of availability | $34.50 |
| 040 ## - CATALOGING SOURCE | |
| Original cataloging agency | DLC |
| Transcribing agency | DLC |
| Modifying agency | DLC |
| 050 00 - LIBRARY OF CONGRESS CALL NUMBER | |
| Classification number | TA409 |
| Item number | .S89 1975 |
| 082 00 - DEWEY DECIMAL CLASSIFICATION NUMBER | |
| Classification number | 620.1126 |
| Item number | FAT |
| 111 2# - MAIN ENTRY--MEETING NAME | |
| Meeting name or jurisdiction name as entry element | Symposium on Fatigue Crack Growth Under Spectrum Loads, |
| Location of meeting | Montreal, |
| Date of meeting | 1975. |
| 9 (RLIN) | 6225 |
| 245 10 - TITLE STATEMENT | |
| Title | Fatigue crack growth under spectrum loads : |
| Remainder of title | a symposium presented at the Seventy-eighth Annual Meeting, American Society for Testing and Materials, Montreal, Canada, 23-24 June, 1975, R. P. Wei and R. I. Stephens, symposium cochairmen. |
| 260 ## - PUBLICATION, DISTRIBUTION, ETC. (IMPRINT) | |
| Place of publication, distribution, etc | Philadelphia : |
| Name of publisher, distributor, etc | ASTM, |
| Date of publication, distribution, etc | 1976. |
| 300 ## - PHYSICAL DESCRIPTION | |
| Extent | 339 p. : |
| Other physical details | ill. ; |
| Dimensions | 24 cm. |
| 490 1# - Series Statement | |
| Series statement | ASTM special technical publication ; 595 |
| 500 ## - GENERAL NOTE | |
| General note | Sponsored by the Committee E-24 on Fracture Testing of Metals and Committee E-9 on Fatigue. |
| 504 ## - BIBLIOGRAPHY, ETC. NOTE | |
| Bibliography, etc | Includes bibliographical references. |
| 650 #0 - SUBJECT ADDED ENTRY--TOPICAL TERM | |
| Topical term or geographic name as entry element | Fracture mechanics |
| General subdivision | Congresses. |
| 9 (RLIN) | 6226 |
| 710 2# - ADDED ENTRY--CORPORATE NAME | |
| Corporate name or jurisdiction name as entry element | American Society for Testing and Materials. |
| Subordinate unit | Committee E-24 on Fracture Testing of Metals. |
| 9 (RLIN) | 6227 |
| 710 2# - ADDED ENTRY--CORPORATE NAME | |
| Corporate name or jurisdiction name as entry element | ASTM Committee E-9 on Fatigue. |
| 9 (RLIN) | 6228 |
| 830 #0 - SERIES ADDED ENTRY--UNIFORM TITLE | |
| Uniform title | ASTM special technical publication ; |
| Volume number/sequential designation | 595. |
| 9 (RLIN) | 6229 |
| 942 ## - ADDED ENTRY ELEMENTS (KOHA) | |
| Source of classification or shelving scheme | Dewey Decimal Classification |
| Item type | Book - Borrowing |
| Withdrawn status | Item status | Source of classification or shelving scheme | Damaged status | Not for loan | Vendor | Home library | Current library | Shelving location | Date acquired | Source of acquisition | Cost, normal purchase price | Total Checkouts | Full call number | Barcode | Date last seen | Koha item type |
|---|---|---|---|---|---|---|---|---|---|---|---|---|---|---|---|---|
| Dewey Decimal Classification | Alef-Baa | Central Library | Central Library | First floor | 16/06/2009 | 150.00 | 620.1126 FAT | 000016848 | 15/07/2025 | Book - Borrowing |